000 01266nam0a2200361 i 4500
001 RU\NLR\BIBL_A\010009731
005 20241103083201.0
010 _a9785170796144
_93000
021 _aRU
_b2013-75622
_9568д/13
035 _a(NILC)RuMoRGB-006673297
035 _a(NLR Aleph) 010009731
090 _a9847415
_c9847415
100 _a20131203d2013 u y0rusy50 ca
101 1 _arus
_cund
102 _aRU
105 _aa|||z|||000ay
200 1 _aФилософия для детей
_eв рассказах и картинках
_e[для детей среднего школьного возраста]
_fПетр Экберг
210 _aМосква
_cАСТ
_d2013
215 _a69, [2] с.
_cцв. ил.
_d23
300 _aНа обл. авт. не указан
606 _aФилософия
_jИздания для детей
_9900139
_3RU\NLR\AUTH\666996
610 0 _aфилософия - для детей
675 _a087.5:1(091)
686 0 _aШ9
_bЮ9
700 1 _aЭкберг
_bП.
_f1972-
_gПетр
801 0 _aRU
_bRuMoRKP
_c20130919
_gRCR
801 2 _aRU
_bРГБ
_c20131017
_grcr
801 1 _aRU
_bRuMoRKP
_c20130919
_2rusmarc
942 _cBOOK
980 _aNBR